000 00496nam a2200193 a 4500
001 1762319685007
003 YourLibrary
005 20251105104619.0
008 251105s2008##################000#0#eng##
020 _a9780486461847
082 0 4 _a613.69
_bARM
100 1 _aArmy, U S Dept of the,
_eauthor.
245 1 0 _aSurvival Handbook :
260 _bCourier Corporation,
_c2008.
300 _a290 pages
650 0 _aHistory.
942 _cENGLISH
040 _aYourLibrary
_beng
_cYourLibrary
999 _c595816
_d595816